Maṣābīḥ al-masraḥ al-Ighrīqī, (Record no. 47185)

MARC details
000 -LEADER
fixed length control field 00745cam a22002411 4500
001 - CONTROL NUMBER
control field ne 64001638
003 - CONTROL NUMBER IDENTIFIER
control field DLC
005 - DATE AND TIME OF LATEST TRANSACTION
control field 20260227111802.0
008 - FIXED-LENGTH DATA ELEMENTS--GENERAL INFORMATION
fixed length control field 900423s1963 ua 000 0 ara c
010 ## - LIBRARY OF CONGRESS CONTROL NUMBER
LC control number ne 64001638
025 ## - OVERSEAS ACQUISITION NUMBER
Overseas acquisition number PL480:UAR-4027
035 ## - SYSTEM CONTROL NUMBER
System control number (OCoLC)21417574
040 ## - CATALOGING SOURCE
Original cataloging agency Princeton Univ. Libr.
Transcribing agency WaU
Modifying agency WaU
-- DLC
042 ## - AUTHENTICATION CODE
Authentication code premarc
043 ## - GEOGRAPHIC AREA CODE
Geographic area code e-gr---
050 00 - LIBRARY OF CONGRESS CALL NUMBER
Classification number PA3131
Item number .G5
100 1# - MAIN ENTRY--PERSONAL NAME
Personal name Ghallāb, Muḥammad.
245 10 - TITLE STATEMENT
Title Maṣābīḥ al-masraḥ al-Ighrīqī,
Statement of responsibility, etc. bi-qalam Muḥammad Ghallāb.
260 ## - PUBLICATION, DISTRIBUTION, ETC.
Place of publication, distribution, etc. [al-Qāhirah,
Name of publisher, distributor, etc. al-Dār al-Qawmīyah lil-Ṭibāʻah wa-al-Nashr,
Date of publication, distribution, etc. 1963?]
300 ## - PHYSICAL DESCRIPTION
Extent 124 p.
Dimensions 24 cm.
490 0# - SERIES STATEMENT
Series statement Madhāhib wa-shakhṣīyāt,
Volume/sequential designation 74
650 #0 - SUBJECT ADDED ENTRY--TOPICAL TERM
Topical term or geographic name entry element Greek drama
General subdivision History and criticism.

No items available.

Powered by Koha